[Event "Berlin-ch Seniors op 39th"]
[Site "Berlin"]
[Date "2023.01.27"]
[Round "4"]
[White "Kreutzkamp, Hans Rudolf"]
[Black "Koetz, Andreas"]
[Result "1/2-1/2"]
[WhiteElo "2094"]
[BlackElo "1925"]
[PlyCount "65"]
[EventDate "2023.01.24"]
[EventType "swiss"]
[EventRounds "9"]
[EventCountry "GER"]
[SourceTitle "CBM 212 Extra"]
[Source "ChessBase"]
[SourceDate "2023.03.31"]
[SourceVersion "1"]
[SourceVersionDate "2023.03.31"]
[SourceQuality "1"]

1. e4 c5 2. Nf3 Nc6 3. d4 cxd4 4. Nxd4 Nf6 5. Nc3 e5 6. Nxc6 bxc6 7. Be2 Bb4 8. Qd3 a5 9. 0-0 0-0 10. Bg5 h6 11. Bh4 Ba6 12. Qf3 Bxe2 13. Nxe2 Be7 14. c4 d6 15. Rfd1 Ne8 16. Bxe7 Qxe7 17. Ng3 g6 18. Rd2 Qe6 19. b3 a4 20. Rad1 axb3 21. axb3 Rb8 22. Qe3 Kg7 23. Rd3 Rb7 24. f4 exf4 25. Qxf4 Qe5 26. Qf2 Nf6 27. Rxd6 Rxb3 28. Rxc6 Ng4 29. Qe2 h5 30. Nf1 Re3 31. Qd2 Rxe4 32. h3 Nh6 33. Qd5 1/2-1/2

[Event "Berlin-ch Seniors op 39th"]
[Site "Berlin"]
[Date "2023.01.26"]
[Round "3"]
[White "Koetz, Andreas"]
[Black "Raitza, Olaf"]
[Result "1-0"]
[WhiteElo "1925"]
[BlackElo "2150"]
[PlyCount "71"]
[EventDate "2023.01.24"]
[EventType "swiss"]
[EventRounds "9"]
[EventCountry "GER"]
[SourceTitle "CBM 212 Extra"]
[Source "ChessBase"]
[SourceDate "2023.03.31"]
[SourceVersion "1"]
[SourceVersionDate "2023.03.31"]
[SourceQuality "1"]

1. c4 e5 2. Nc3 Nf6 3. g3 d5 4. cxd5 Nxd5 5. Bg2 Be6 6. d3 Nc6 7. Nf3 Be7 8. 0-0 0-0 9. Ne1 Qd7 10. Nc2 Rad8 11. Ne3 Ncb4 12. a3 Nxc3 13. bxc3 Nd5 14. c4 Nxe3 15. Bxe3 c5 16. Qb3 b6 17. a4 f5 18. Rab1 f4 19. Bd2 f3 20. Bxf3 Rxf3 21. exf3 Qxd3 22. Qxd3 Rxd3 23. Be3 Bxc4 24. Rfd1 Kf7 25. a5 b5 26. Rbc1 Rxd1+ 27. Rxd1 Ke6 28. f4 e4 29. f5+ Kf6 30. Rd7 a6 31. Rc7 b4 32. Rc6+ Ke5 33. Rc7 Kd6 34. Bf4+ Kd5 35. Rxe7 b3 36. Be5 1-0

[Event "Wroclaw op"]
[Site "Wroclaw"]
[Date "2018.08.04"]
[Round "9"]
[White "Hart, Alexander E"]
[Black "Koetz, Andreas"]
[Result "1-0"]
[WhiteElo "1967"]
[BlackElo "1924"]
[PlyCount "101"]
[EventDate "2018.07.30"]
[EventType "swiss"]
[EventRounds "9"]
[EventCountry "POL"]
[SourceTitle "CBM 185 Extra"]
[Source "ChessBase"]
[SourceDate "2018.07.29"]
[SourceVersion "1"]
[SourceVersionDate "2018.07.29"]
[SourceQuality "1"]

1. d4 Nf6 2. Bg5 e6 3. Nd2 d5 4. e3 Nbd7 5. Ngf3 Be7 6. Bd3 c5 7. c3 b6 8. 0-0 0-0 9. b3 Bb7 10. Rc1 Ne4 11. Bxe7 Qxe7 12. Ne1 Rac8 13. f3 Nd6 14. e4 cxd4 15. cxd4 Rxc1 16. Qxc1 Rc8 17. Qb1 Qg5 18. f4 Qh5 19. e5 Ne4 20. Nxe4 dxe4 21. Bxe4 Bxe4 22. Qxe4 Nf8 23. Qd3 Qg6 24. Rf3 Rd8 25. Qxg6 Nxg6 26. Nc2 h5 27. g3 Ne7 28. Rd3 f6 29. exf6 gxf6 30. Kf2 Kf7 31. Ne3 Rd7 32. Ke2 h4 33. g4 Ng6 34. Kf3 e5 35. f5 Nf4 36. Rd1 Rc7 37. dxe5 fxe5 38. Nc4 Nh3 39. Nxe5+ Kf6 40. Nc4 b5 41. Ne3 Rc3 42. Rd8 Kg7 43. Rd7+ Kg8 44. Rxa7 Rd3 45. Rc7 b4 46. Rc2 Rd4 47. Rc4 Rd2 48. Rc2 Rd4 49. Rg2 Nf4 50. Nc2 Nh3 51. Ne3 1-0

[Event "Wroclaw op"]
[Site "Wroclaw"]
[Date "2018.07.31"]
[Round "2"]
[White "Koetz, Andreas"]
[Black "Mroziak, Maciej"]
[Result "0-1"]
[WhiteElo "1924"]
[BlackElo "2404"]
[PlyCount "46"]
[EventDate "2018.07.30"]
[EventType "swiss"]
[EventRounds "9"]
[EventCountry "POL"]
[SourceTitle "CBM 185 Extra"]
[Source "ChessBase"]
[SourceDate "2018.07.29"]
[SourceVersion "1"]
[SourceVersionDate "2018.07.29"]
[SourceQuality "1"]

1. c4 Nf6 2. Nc3 e5 3. g3 Bb4 4. Bg2 0-0 5. e3 Bxc3 6. bxc3 e4 7. Ne2 Nc6 8. Nf4 Ne5 9. Qc2 g5 10. Nd5 Nd3+ 11. Ke2 c6 12. Nb4 Nxc1+ 13. Qxc1 d5 14. cxd5 c5 15. Nc2 Qxd5 16. Ne1 b6 17. f3 Ba6+ 18. Kf2 Rad8 19. Kg1 Qxd2 20. Qxd2 Rxd2 21. fxe4 Rfd8 22. Nf3 Rd1+ 23. Rxd1 Rxd1+ 0-1

[Event "Berlin Lichtenberger op 16th"]
[Site "Berlin"]
[Date "2017.08.26"]
[Round "8"]
[White "Schmalzried, Volker"]
[Black "Koetz, Andreas"]
[Result "1-0"]
[WhiteElo "1858"]
[BlackElo "1997"]
[PlyCount "83"]
[EventDate "2017.08.19"]
[EventType "swiss"]
[EventRounds "9"]
[EventCountry "GER"]
[SourceTitle "CBM 180 Extra"]
[Source "ChessBase"]
[SourceDate "2017.10.06"]
[SourceVersion "1"]
[SourceVersionDate "2017.10.06"]
[SourceQuality "1"]

1. c4 g6 2. Nc3 Bg7 3. d4 Nf6 4. g3 d6 5. Bg2 0-0 6. Nf3 Nc6 7. 0-0 Bf5 8. Re1 Ne4 9. Nxe4 Bxe4 10. e3 Nb4 11. Re2 c5 12. a3 Nc6 13. Rd2 Qb6 14. d5 Na5 15. Re2 Nxc4 16. Nd2 Bd3 17. Nxc4 Bxc4 18. Rd2 Rac8 19. Rb1 Ba2 20. Ra1 Bb3 21. Qg4 c4 22. Rb1 a5 23. h4 h5 24. Qg5 Qd8 25. g4 Kh7 26. gxh5 Bf6 27. hxg6+ fxg6 28. Qg4 Rg8 29. Be4 Kh6 30. f3 Ba4 31. Rg2 Bd7 32. Qf4+ Kh7 33. h5 Rg7 34. Bxg6+ Kg8 35. h6 Rxg6 36. Rxg6+ Kh8 37. h7 Bg7 38. Bd2 Qf8 39. Qg3 c3 40. Bxc3 Bxc3 41. bxc3 Kxh7 42. Kf2 1-0

[Event "Berlin Spandau op 2nd"]
[Site "Berlin"]
[Date "2016.12.29"]
[Round "5"]
[White "Knabe, Sascha"]
[Black "Koetz, Andreas"]
[Result "1/2-1/2"]
[WhiteElo "1807"]
[BlackElo "2027"]
[PlyCount "81"]
[EventDate "2016.12.27"]
[EventType "swiss"]
[EventRounds "7"]
[EventCountry "GER"]
[SourceTitle "CBM 176 Extra"]
[Source "ChessBase"]
[SourceDate "2017.03.02"]
[SourceVersion "1"]
[SourceVersionDate "2017.03.02"]
[SourceQuality "1"]

1. e4 c5 2. Nf3 Nc6 3. d4 cxd4 4. Nxd4 Nf6 5. Nc3 e5 6. Ndb5 d6 7. Nd5 Nxd5 8. exd5 Ne7 9. c4 Nf5 10. Bd3 g6 11. 0-0 a6 12. Nc3 Bg7 13. Ne4 0-0 14. b3 Re8 15. Bb2 Nd4 16. Bxd4 exd4 17. Re1 Bf5 18. Qf3 Qa5 19. b4 Qxb4 20. Rab1 Qa5 21. g4 Bxe4 22. Rxe4 Qc7 23. g5 Re5 24. Rxe5 Bxe5 25. h4 Re8 26. Kg2 Bg7 27. h5 Re5 28. Qg4 Qd8 29. f4 Re3 30. hxg6 hxg6 31. Bf1 Qe7 32. Kf2 Qc7 33. f5 Qd7 34. Bh3 Qxf5+ 35. Qxf5 gxf5 36. Bxf5 Ra3 37. Rxb7 Rxa2+ 38. Ke1 a5 39. c5 dxc5 40. Rb8+ Bf8 41. d6 1/2-1/2

[Event "Berlin Spandau op 1st"]
[Site "Berlin"]
[Date "2015.12.29"]
[Round "4"]
[White "Bielick, Jakob"]
[Black "Koetz, Andreas"]
[Result "0-1"]
[WhiteElo "1823"]
[BlackElo "2012"]
[PlyCount "98"]
[EventDate "2015.12.27"]
[EventType "swiss"]
[EventRounds "7"]
[EventCountry "GER"]
[SourceTitle "EXT 2022"]
[Source "ChessBase"]
[SourceDate "2021.10.06"]
[SourceVersion "1"]
[SourceVersionDate "2021.10.06"]
[SourceQuality "1"]

1. e4 c5 2. d4 cxd4 3. c3 d3 4. Bxd3 Nc6 5. f4 e6 6. Nf3 Bc5 7. Qe2 d5 8. Nbd2 Nge7 9. e5 0-0 10. Ng5 Nf5 11. g4 f6 12. exf6 Qxf6 13. gxf5 exf5 14. Nb3 Bb6 15. Kd1 Bd7 16. Kc2 a5 17. Qf3 a4 18. Nd2 Kh8 19. Qxd5 Nb4+ 20. cxb4 Bc6 21. Qxf5 Qxf5 22. Bxf5 Rxf5 23. Rf1 Bb5 24. Rf3 h6 25. Nh3 Be2 26. Rc3 Bd4 27. Rg3 Rc8+ 28. Kb1 a3 29. Rxa3 Bd1 30. Rc3 Bxc3 31. bxc3 Rxc3 32. Nf2 Bc2+ 33. Kb2 Rc7 34. Nb3 Rh5 35. Nd4 Rxh2 36. Be3 Ba4 37. Rc1 Re7 38. Nf5 Rxe3 39. Nxe3 Rxf2+ 40. Ka3 Bc6 41. Rf1 Rh2 42. Ng4 Rg2 43. Ne5 Bd5 44. Ra1 b5 45. f5 Kh7 46. Ng6 h5 47. Nf4 Rg3+ 48. Kb2 Bf7 49. a3 Rf3 0-1

[Event "Berlin Spandau op 1st"]
[Site "Berlin"]
[Date "2015.12.27"]
[Round "1"]
[White "Gerisch, Hans Dieter"]
[Black "Koetz, Andreas"]
[Result "0-1"]
[WhiteElo "1532"]
[BlackElo "2012"]
[PlyCount "55"]
[EventDate "2015.12.27"]
[EventType "swiss"]
[EventRounds "7"]
[EventCountry "GER"]
[SourceTitle "EXT 2022"]
[Source "ChessBase"]
[SourceDate "2021.10.06"]
[SourceVersion "1"]
[SourceVersionDate "2021.10.06"]
[SourceQuality "1"]

1. e4 c5 2. Nf3 Nc6 3. d4 cxd4 4. Nxd4 Nf6 5. Nxc6 bxc6 6. Nc3 e5 7. Bd3 Be7 8. 0-0 0-0 9. f4 d6 10. f5 Kh8 11. Kh1 d5 12. Qe1 Bb7 13. Nd1 c5 14. exd5 Qxd5 15. Ne3 Qc6 16. Be2 Qc7 17. c4 a5 18. Bd2 Rfd8 19. Rd1 Rd4 20. Bc3 a4 21. Bxd4 cxd4 22. Ng4 Re8 23. Nxf6 Bxf6 24. Qg3 Qb6 25. b3 e4 26. Rde1 Qc6 27. Bd1 Be5 28. Bc2 0-1

[Event "Arber op 4th"]
[Site "Bayerisch Eisenstein"]
[Date "2015.08.06"]
[Round "6"]
[White "Koetz, Andreas"]
[Black "Dellert, Lena"]
[Result "1/2-1/2"]
[WhiteElo "2017"]
[BlackElo "1865"]
[PlyCount "116"]
[EventDate "2015.08.01"]
[EventType "swiss"]
[EventRounds "9"]
[EventCountry "GER"]
[SourceTitle "EXT 2016"]
[Source "ChessBase"]
[SourceDate "2015.10.08"]
[SourceVersion "1"]
[SourceVersionDate "2015.10.08"]
[SourceQuality "1"]

1. d4 f5 2. Nf3 Nf6 3. g3 e6 4. Bg2 d5 5. 0-0 Bd6 6. c4 c6 7. b3 Qe7 8. Bb2 b6 9. Ne5 Bb7 10. Nd2 0-0 11. Rc1 Ne4 12. Ndf3 Nd7 13. cxd5 cxd5 14. Nd3 Rac8 15. Nfe5 Rxc1 16. Qxc1 Rc8 17. Qd1 Bxe5 18. dxe5 Ba6 19. Bd4 Ndc5 20. Nf4 Ng5 21. f3 Nf7 22. Re1 Nd7 23. e4 g5 24. Nh5 dxe4 25. fxe4 fxe4 26. Bxe4 Nfxe5 27. Qa1 Nd3 28. Rd1 N3c5 29. Bg2 h6 30. Re1 Qf7 31. Qd1 Nd3 32. Rf1 Rc1 33. Qxc1 Nxc1 34. Rxf7 Kxf7 35. Be3 Nxa2 36. Bd2 Be2 37. g4 Bxg4 38. Ng3 Nc5 39. b4 Nb3 40. Be1 Ke7 41. Bf1 Nac1 42. Bc3 Bf3 43. b5 Nc5 44. Bg7 h5 45. Kf2 g4 46. Nxh5 N1d3+ 47. Ke3 Nb4 48. Nf4 Nd5+ 49. Nxd5+ exd5 50. h3 Ke6 51. Kf4 Be4 52. hxg4 Nd3+ 53. Ke3 Ne5 54. g5 Kf5 55. Bh3+ Ng4+ 56. Kd4 Kxg5 57. Bxg4 Kxg4 58. Be5 Kf5 1/2-1/2

[Event "Arber op 4th"]
[Site "Bayerisch Eisenstein"]
[Date "2015.08.05"]
[Round "5"]
[White "Ehmann, Thilo"]
[Black "Koetz, Andreas"]
[Result "1-0"]
[WhiteElo "2095"]
[BlackElo "2017"]
[PlyCount "63"]
[EventDate "2015.08.01"]
[EventType "swiss"]
[EventRounds "9"]
[EventCountry "GER"]
[SourceTitle "EXT 2016"]
[Source "ChessBase"]
[SourceDate "2015.10.08"]
[SourceVersion "1"]
[SourceVersionDate "2015.10.08"]
[SourceQuality "1"]

1. e4 c5 2. Nf3 Nc6 3. d4 cxd4 4. Nxd4 Nf6 5. Nc3 e5 6. Ndb5 d6 7. Bg5 a6 8. Na3 b5 9. Nd5 Be7 10. Bxf6 Bxf6 11. c3 0-0 12. Nc2 Bg5 13. a4 bxa4 14. Rxa4 a5 15. b4 Bd7 16. b5 Ne7 17. Nxe7+ Qxe7 18. Bd3 g6 19. 0-0 f5 20. exf5 gxf5 21. Ne3 Bxe3 22. fxe3 Qg5 23. Bc4+ Kh8 24. Re1 Rf6 25. Bd5 Rc8 26. Rxa5 f4 27. b6 Qh4 28. b7 Rb8 29. Ra8 Rff8 30. exf4 Qxf4 31. Rxb8 Rxb8 32. Qf3 1-0

[Event "Politiken Cup 36th"]
[Site "Helsingor"]
[Date "2014.07.29"]
[Round "10"]
[White "Koetz, Andreas"]
[Black "Jarlnaes, Erik"]
[Result "1/2-1/2"]
[WhiteElo "2031"]
[BlackElo "1892"]
[PlyCount "61"]
[EventDate "2014.07.21"]
[EventType "swiss"]
[EventRounds "10"]
[EventCountry "DEN"]
[SourceTitle "CBM 161 Extra"]
[Source "ChessBase"]
[SourceDate "2014.08.29"]
[SourceVersion "1"]
[SourceVersionDate "2014.08.29"]
[SourceQuality "1"]

1. d4 e6 2. Nf3 d5 3. c4 c5 4. g3 Nc6 5. cxd5 exd5 6. Nc3 cxd4 7. Nxd4 Bb4 8. Bg2 Nge7 9. 0-0 0-0 10. Be3 Bxc3 11. bxc3 Nxd4 12. Bxd4 Qc7 13. Qb3 Be6 14. Qa3 Nf5 15. Rfc1 Rfc8 16. e3 Nxd4 17. cxd4 Qd8 18. Bf1 a6 19. Rab1 Qd7 20. Qb4 Rxc1 21. Rxc1 Rc8 22. Rc5 g6 23. a4 Rc6 24. a5 Qc8 25. Bg2 Rxc5 26. dxc5 Qc6 27. h4 Qb5 28. Qc3 Qb1+ 29. Kh2 Qb5 30. Kg1 Qb1+ 31. Kh2 1/2-1/2

[Event "Politiken Cup 36th"]
[Site "Helsingor"]
[Date "2014.07.28"]
[Round "9"]
[White "Kaasen, Tor Fredrik"]
[Black "Koetz, Andreas"]
[Result "1/2-1/2"]
[WhiteElo "1676"]
[BlackElo "2031"]
[PlyCount "88"]
[EventDate "2014.07.21"]
[EventType "swiss"]
[EventRounds "10"]
[EventCountry "DEN"]
[SourceTitle "CBM 161 Extra"]
[Source "ChessBase"]
[SourceDate "2014.08.29"]
[SourceVersion "1"]
[SourceVersionDate "2014.08.29"]
[SourceQuality "1"]

1. e4 c5 2. Nf3 Nc6 3. d4 cxd4 4. Nxd4 Nf6 5. Nc3 e5 6. Ndb5 d6 7. Bg5 a6 8. Bxf6 gxf6 9. Na3 b5 10. Nd5 Bg7 11. Bd3 Ne7 12. c4 f5 13. Nxe7 Qxe7 14. cxb5 d5 15. bxa6 Qb4+ 16. Qd2 Qxd2+ 17. Kxd2 fxe4 18. Bb5+ Ke7 19. Ke2 Bxa6 20. Bxa6 Rxa6 21. Rac1 Rb8 22. Rb1 Bh6 23. h4 Rab6 24. b4 Rxb4 25. g4 Bf4 26. Rxb4 Rxb4 27. Rb1 Ra4 28. Rb3 d4 29. Kd1 d3 30. Rc3 h6 31. Rb3 Ra8 32. Rc3 Rg8 33. f3 d2 34. Nc4 Rc8 35. fxe4 Rd8 36. Ne3 Ke6 37. Rc6+ Kd7 38. Rc3 Rb8 39. a3 Rb2 40. Rd3+ Ke8 41. Ke2 Ra2 42. Rxd2 Rxa3 43. Rd3 Ra2+ 44. Rd2 Ra3 1/2-1/2

[Event "Politiken Cup 36th"]
[Site "Helsingor"]
[Date "2014.07.27"]
[Round "8"]
[White "Koetz, Andreas"]
[Black "Moller, Arne Vagn"]
[Result "1/2-1/2"]
[WhiteElo "2031"]
[BlackElo "1886"]
[PlyCount "105"]
[EventDate "2014.07.21"]
[EventType "swiss"]
[EventRounds "10"]
[EventCountry "DEN"]
[SourceTitle "CBM 161 Extra"]
[Source "ChessBase"]
[SourceDate "2014.08.29"]
[SourceVersion "1"]
[SourceVersionDate "2014.08.29"]
[SourceQuality "1"]

1. d4 Nf6 2. c4 e6 3. g3 c5 4. Nf3 cxd4 5. Nxd4 a6 6. Bg2 Nc6 7. 0-0 Be7 8. Nc3 0-0 9. e4 e5 10. Nc2 d6 11. b3 Be6 12. Qd3 Rc8 13. Rd1 Qc7 14. Nd5 Bxd5 15. exd5 Na7 16. Be3 b5 17. Bh3 bxc4 18. bxc4 Rb8 19. Rab1 Nc8 20. Bg2 Rd8 21. Nb4 Ra8 22. Nc6 Rf8 23. Qb3 Ng4 24. Bd2 f5 25. Qb7 Qxb7 26. Rxb7 Bf6 27. f3 Nh6 28. Bb4 Rf7 29. Rxf7 Nxf7 30. c5 dxc5 31. Bxc5 Ncd6 32. a4 Kf8 33. Bf1 Ke8 34. Rb1 e4 35. Be2 exf3 36. Bxf3 Kd7 37. Be2 Ne4 38. Rb7+ Ke8 39. Bd4 Nfd6 40. Rb6 Bxd4+ 41. Nxd4 Kd7 42. Bxa6 Nc3 43. Nb5 Ndxb5 44. Bxb5+ Nxb5 45. axb5 Ra2 46. Rb7+ Kd6 47. Rxg7 Kxd5 48. Rxh7 Rb2 49. Rb7 Ke4 50. Kf1 Rxh2 51. b6 Kf3 52. Kg1 Rb2 53. Rc7 1/2-1/2

[Event "Politiken Cup 36th"]
[Site "Helsingor"]
[Date "2014.07.22"]
[Round "3"]
[White "Weeks, Manuel William"]
[Black "Koetz, Andreas"]
[Result "1-0"]
[WhiteElo "2206"]
[BlackElo "2031"]
[PlyCount "59"]
[EventDate "2014.07.21"]
[EventType "swiss"]
[EventRounds "10"]
[EventCountry "DEN"]
[SourceTitle "CBM 161 Extra"]
[Source "ChessBase"]
[SourceDate "2014.08.29"]
[SourceVersion "1"]
[SourceVersionDate "2014.08.29"]
[SourceQuality "1"]

1. e4 c5 2. Nf3 Nc6 3. Nc3 e5 4. Bc4 Be7 5. d3 d6 6. 0-0 Nf6 7. Ng5 0-0 8. f4 h6 9. Nf3 Bg4 10. Qe1 Bxf3 11. gxf3 Nh5 12. fxe5 dxe5 13. Kh1 Nd4 14. Qf2 Bg5 15. Nd5 b5 16. Bb3 Nf4 17. Bxf4 Bxf4 18. Rg1 Kh7 19. Qg2 g5 20. Qh3 Qc8 21. Qh5 f6 22. Nxf4 exf4 23. Bf7 Rg8 24. c3 Nc2 25. Rac1 Ne3 26. Bxg8+ Qxg8 27. d4 Rd8 28. h4 g4 29. Qxc5 g3 30. Qc7+ 1-0

[Event "Berlin Lichtenberger op 9th"]
[Site "Berlin"]
[Date "2010.08.15"]
[Round "9"]
[White "Heldt, Ronny"]
[Black "Koetz, Andreas"]
[Result "1-0"]
[WhiteElo "1611"]
[BlackElo "2039"]
[PlyCount "31"]
[EventDate "2010.08.07"]
[EventType "swiss"]
[EventRounds "9"]
[EventCountry "GER"]
[SourceTitle "CBM 137 Extra"]
[Source "ChessBase"]
[SourceDate "2010.09.01"]
[SourceVersion "1"]
[SourceVersionDate "2010.09.01"]
[SourceQuality "1"]

1. d4 Nf6 2. c4 g6 3. Nf3 Bg7 4. g3 0-0 5. Bg2 d6 6. 0-0 Nbd7 7. Nc3 e5 8. e4 c6 9. h3 Re8 10. Re1 exd4 11. Nxd4 Nc5 12. f4 Qb6 13. Kh2 Ncxe4 14. Nc2 Nxc3 15. Rxe8+ Bf8 16. Qxd6 1-0

[Event "Berlin Lichtenberger op 9th"]
[Site "Berlin"]
[Date "2010.08.11"]
[Round "6"]
[White "Ross, Chris Neil"]
[Black "Koetz, Andreas"]
[Result "1-0"]
[WhiteElo "2207"]
[BlackElo "2039"]
[PlyCount "43"]
[EventDate "2010.08.07"]
[EventType "swiss"]
[EventRounds "9"]
[EventCountry "GER"]
[SourceTitle "CBM 137 Extra"]
[Source "ChessBase"]
[SourceDate "2010.09.01"]
[SourceVersion "1"]
[SourceVersionDate "2010.09.01"]
[SourceQuality "1"]

1. e4 c5 2. Nf3 Nc6 3. Bb5 e6 4. 0-0 Nge7 5. Re1 a6 6. Bf1 d5 7. exd5 Nxd5 8. d4 Nf6 9. Be3 Ng4 10. Bg5 f6 11. d5 Nb4 12. Nc3 Be7 13. Bf4 Nxd5 14. Nxd5 exd5 15. h3 Nh6 16. Bxh6 gxh6 17. Qe2 Kf7 18. Nh4 Qd6 19. Rad1 Qe5 20. Qf3 Qg5 21. Rxd5 Qxh4 22. Re4 1-0

[Event "Berlin Lichtenberger op 9th"]
[Site "Berlin"]
[Date "2010.08.07"]
[Round "2"]
[White "Koetz, Andreas"]
[Black "Rietze, Clemens"]
[Result "0-1"]
[WhiteElo "2039"]
[BlackElo "2231"]
[PlyCount "79"]
[EventDate "2010.08.07"]
[EventType "swiss"]
[EventRounds "9"]
[EventCountry "GER"]
[SourceTitle "CBM 137 Extra"]
[Source "ChessBase"]
[SourceDate "2010.09.01"]
[SourceVersion "1"]
[SourceVersionDate "2010.09.01"]
[SourceQuality "1"]

1. d4 Nf6 2. c4 c5 3. Nf3 cxd4 4. Nxd4 e5 5. Nb5 d5 6. cxd5 Bc5 7. e3 0-0 8. a3 a6 9. b4 axb5 10. bxc5 Nxd5 11. Bb2 Nc6 12. Qd2 Qa5 13. Qxa5 Rxa5 14. Nd2 Nc7 15. Bc3 Ra4 16. Bd3 Be6 17. Ke2 Rfa8 18. Bb2 f6 19. Rhc1 Bd5 20. f3 Ne7 21. Ne4 Bc6 22. Bc2 R4a6 23. Rd1 Kf8 24. Rac1 Ncd5 25. Bd3 Ra4 26. Rd2 b4 27. axb4 Nxb4 28. Bc4 Na2 29. Bxa2 Rxa2 30. Nd6 Nd5 31. Bc3 R2a3 32. Kd3 Rb3 33. Rb2 Raa3 34. Rxb3 Rxb3 35. Kd2 Ke7 36. Nf5+ Kf7 37. e4 Nf4 38. g3 Ne6 39. Ke2 Nxc5 40. Rc2 0-1

[Event "GER-chT8 LH-21 Br2 email"]
[Site "GER email"]
[Date "2009.10.09"]
[Round "?"]
[White "Koetz, Andreas"]
[Black "Grube, Andreas"]
[Result "1/2-1/2"]
[WhiteElo "2176"]
[BlackElo "2119"]
[PlyCount "81"]
[EventDate "2009.10.15"]
[EventType "tourn (corr)"]
[EventRounds "8"]
[EventCountry "GER"]
[SourceTitle "Corr 2013"]
[Source "ChessBase"]
[SourceDate "2012.11.12"]
[SourceVersion "1"]
[SourceVersionDate "2012.11.12"]
[SourceQuality "1"]

1. d4 d5 2. c4 e6 3. Nf3 Nf6 4. g3 dxc4 5. Bg2 Nc6 6. Qa4 Bb4+ 7. Bd2 Nd5 8. Bxb4 Ndxb4 9. 0-0 Rb8 10. Na3 0-0 11. Qb5 b6 12. Qxc4 a5 13. Qc3 Ba6 14. Nc4 Nd5 15. Qc1 Nde7 16. Rd1 Nf5 17. b3 Bb7 18. Qd2 Nce7 19. Qd3 f6 20. Rac1 Nd6 21. Bh3 Qd7 22. Ncd2 Rfd8 23. e4 f5 24. Ne5 Qe8 25. Rxc7 Bxe4 26. Nxe4 Nxe4 27. f3 Nf6 28. Rcc1 Rbc8 29. Bf1 Nfd5 30. Qd2 f4 31. Bh3 Nf5 32. Bxf5 exf5 33. gxf4 Qh5 34. Rxc8 Rxc8 35. Rc1 Re8 36. Rc6 Qh4 37. Qc1 g6 38. Rc8 Rxc8 39. Qxc8+ Kg7 40. Qb7+ Kh6 41. Qxd5 1/2-1/2

[Event "GER-chT8 LH-21 Br2 email"]
[Site "GER email"]
[Date "2009.10.09"]
[Round "?"]
[White "Wolkenstein, Eckhardt"]
[Black "Koetz, Andreas"]
[Result "1/2-1/2"]
[WhiteElo "2072"]
[BlackElo "2176"]
[PlyCount "107"]
[EventDate "2009.10.15"]
[EventType "tourn (corr)"]
[EventRounds "8"]
[EventCountry "GER"]
[SourceTitle "Corr 2013"]
[Source "ChessBase"]
[SourceDate "2012.11.12"]
[SourceVersion "1"]
[SourceVersionDate "2012.11.12"]
[SourceQuality "1"]

1. d4 Nf6 2. c4 g6 3. Nc3 Bg7 4. e4 d6 5. f4 0-0 6. Nf3 Na6 7. Be2 e5 8. fxe5 dxe5 9. Nxe5 c5 10. Be3 Nb4 11. 0-0 cxd4 12. Bxd4 Nc2 13. Nf3 Nxa1 14. Qxa1 Be6 15. b4 Nd7 16. Bxg7 Kxg7 17. a3 Kg8 18. c5 a5 19. Qd1 axb4 20. axb4 Qe7 21. Qd3 Rfe8 22. h3 Ra7 23. Qd4 Nb8 24. Bb5 Nc6 25. Qd2 Rd8 26. Nd5 Bxd5 27. exd5 Qe4 28. Bxc6 bxc6 29. d6 Rb7 30. Re1 Qxb4 31. Qxb4 Rxb4 32. Ne5 Rb5 33. Nxc6 Rd7 34. Re5 Kf8 35. Rd5 h5 36. Nd4 Rxc5 37. Rxc5 Rxd6 38. Rc8+ Kg7 39. Nf3 Rf6 40. Rc7 Rf5 41. h4 Kg8 42. Kf2 Kf8 43. Ke3 Kg8 44. Ra7 Kf8 45. Ke4 Kg8 46. g3 Kf8 47. Ng5 Kg8 48. Ke3 Kf8 49. Ne4 Rd5 50. Rb7 Kg7 51. Ng5 Rf5 52. Ne6+ Kg8 53. Nd4 Rf6 54. Ra7 1/2-1/2

[Event "GER-chT LG-1 Br04 email"]
[Site "GER email"]
[Date "2007.10.25"]
[Round "?.4"]
[White "Firnhaber, Ingo"]
[Black "Koetz, Andreas"]
[Result "1-0"]
[WhiteElo "2309"]
[BlackElo "2214"]
[PlyCount "105"]
[EventDate "2007.??.??"]
[EventType "tourn (corr)"]
[EventRounds "7"]
[EventCountry "GER"]
[SourceTitle "Corr 2011"]
[Source "ChessBase"]
[SourceDate "2010.08.31"]
[SourceVersion "1"]
[SourceVersionDate "2010.08.31"]
[SourceQuality "1"]

1. e4 c5 2. Nf3 Nc6 3. d4 cxd4 4. Nxd4 Nf6 5. Nc3 e5 6. Ndb5 d6 7. Bg5 a6 8. Na3 b5 9. Bxf6 gxf6 10. Nd5 Bg7 11. Bd3 Ne7 12. Nxe7 Qxe7 13. c4 f5 14. 0-0 0-0 15. Qf3 d5 16. cxd5 fxe4 17. Bxe4 Rb8 18. Rfd1 f5 19. d6 Qf6 20. Bc6 Be6 21. Bd5 Rbd8 22. Qb3 Bf7 23. Nc2 Rxd6 24. Bxf7+ Rxf7 25. Ne3 Rd4 26. a4 bxa4 27. Rxa4 Rxa4 28. Qxa4 Qe6 29. Rc1 Rf6 30. Rc5 e4 31. g3 Kh8 32. Qc2 Rf8 33. Rc6 Qf7 34. Rc5 Qe6 35. Nd5 Qe5 36. b3 Qb2 37. Kg2 Qxc2 38. Rxc2 Be5 39. Rc6 Rb8 40. Re6 Bd4 41. Ne7 Rb5 42. Rxa6 Bc3 43. Rd6 Kg7 44. Rd7 Kf8 45. Rd5 Rxb3 46. Nxf5 Kf7 47. Rc5 Ke6 48. g4 h5 49. gxh5 Rb8 50. Ne3 Bd4 51. Rc4 Ke5 52. h6 Rd8 53. Kg3 1-0

[Event "GER-chT LG-1 email"]
[Site "GER email"]
[Date "2007.10.25"]
[Round "?"]
[White "Koetz, Andreas"]
[Black "Liesmann, Karsten"]
[Result "1/2-1/2"]
[WhiteElo "2000"]
[BlackElo "2000"]
[PlyCount "81"]
[EventDate "2007.??.??"]
[EventType "tourn (corr)"]
[EventRounds "8"]
[EventCountry "GER"]
[SourceTitle "Corr 2011"]
[Source "ChessBase"]
[SourceDate "2010.08.31"]
[SourceVersion "1"]
[SourceVersionDate "2010.08.31"]
[SourceQuality "1"]

1. d4 Nf6 2. c4 g6 3. Nc3 Bg7 4. e4 d6 5. Nf3 0-0 6. Be2 e5 7. 0-0 Nc6 8. d5 Ne7 9. b4 Nh5 10. Re1 f5 11. Ng5 Nf6 12. Bf3 c6 13. Bb2 h6 14. Ne6 Bxe6 15. dxe6 fxe4 16. Nxe4 Nxe4 17. Rxe4 d5 18. cxd5 cxd5 19. Rxe5 Bxe5 20. Bxe5 Qb6 21. Bb2 Rad8 22. Qd2 Qxe6 23. Re1 Qf7 24. Qxh6 d4 25. Qd2 Nf5 26. a4 Rfe8 27. Be4 Qb3 28. a5 Re6 29. f3 Ne7 30. Bxb7 Rxe1+ 31. Qxe1 Qe3+ 32. Kf1 Nd5 33. Bxd5+ Rxd5 34. Qxe3 dxe3 35. Bc3 Rd3 36. Be5 a6 37. Ke2 Rd2+ 38. Kxe3 Rxg2 39. Kd4 Rc2 40. f4 Kf7 41. Kd5 1/2-1/2